Humanismo cristiano
| Main Author: | |
|---|---|
| Format: | Print Article |
| Language: | Undetermined language |
| Check availability: | HBZ Gateway |
| Interlibrary Loan: | Interlibrary Loan for the Fachinformationsdienste (Specialized Information Services in Germany) |
| Published: |
1952
|
| In: |
Revista española de teología
Year: 1952, Volume: 12, Pages: 205-217 |
| Further subjects: | B
Christianity
B Humanism B Humanism (motif) |
MARC
| LEADER | 00000caa a22000002c 4500 | ||
|---|---|---|---|
| 001 | 596416334 | ||
| 003 | DE-627 | ||
| 005 | 20220705132454.0 | ||
| 007 | tu | ||
| 008 | 090404s1952 xx ||||| 00| ||und c | ||
| 035 | |a (DE-627)596416334 | ||
| 035 | |a (DE-599)GBV596416334 | ||
| 040 | |a DE-627 |b ger |c DE-627 |e rakwb | ||
| 084 | |a 1 |2 ssgn | ||
| 100 | 1 | |a Jiménez Duque, Baldomero |4 aut | |
| 245 | 1 | 0 | |a Humanismo cristiano |c Baldomero Jiménez Duque |
| 264 | 1 | |c 1952 | |
| 336 | |a Text |b txt |2 rdacontent | ||
| 337 | |a ohne Hilfsmittel zu benutzen |b n |2 rdamedia | ||
| 338 | |a Band |b nc |2 rdacarrier | ||
| 650 | 4 | |a Humanismus | |
| 650 | 4 | |a Christentum | |
| 650 | 4 | |a Humanism | |
| 650 | 4 | |a Christianity | |
| 773 | 0 | 8 | |i In |t Revista española de teología |d Madrid : Inst., 1940 |g Bd. 12 (1952), S. 205-217 |w (DE-627)129884596 |w (DE-600)300705-4 |w (DE-576)015182886 |x 0210-7112 |7 nnas |
| 773 | 1 | 8 | |g volume:12 |g year:1952 |g pages:205-217 |
| 951 | |a AR | ||
| ELC | |b 1 | ||
| ITA | |a 1 |t 1 | ||
| ORI | |a SA-MARC-ixtheo_oa001.raw | ||
| STA | 0 | 0 | |a Christianity,Christian world view,World view,Christian ideology,Humanism (motif),Humanism |
| STB | 0 | 0 | |a Christianisme,Christianisme,Humanisme (motif),Humanisme |
| STC | 0 | 0 | |a Cristianismo,Cristianismo,Cristiandad,Cristiandad,Cristiandad (Motivo),Cristiandad,Humanismo |
| STD | 0 | 0 | |a Cristianesimo,Cristianesimo,Umanesimo |
| STE | 0 | 0 | |a 人文主义,人道主义,人本主义,基督教,基督教,基督教世界观 |
| STF | 0 | 0 | |a 人文主義,人道主義,人本主義,基督教,基督教,基督教世界觀 |
| STG | 0 | 0 | |a Cristianismo,Cristianismo,Cristandade,Cristandade,Cristandade (Motivo),Cristandade,Humanismo |
| STH | 0 | 0 | |a Гуманизм,Христианство (мотив),Христианство |
| STI | 0 | 0 | |a Ανθρωπισμός,Ουμανισμός,Χριστιανισμός (μοτίβο),Χριστιανισμός |
| SYE | 0 | 0 | |a Frühhumanismus,Späthumanismus , Christianity,Christliche Mission,Missionierung,Christenheit,Christianitas,Christliche Religion,Christliche Weltanschauung |